Members of the New York State Senate - Statistics

General Stats
  • This quiz has been taken 33 times
  • The average score is 26 of 62
Answer Stats
District Party Answer % Correct
52 Democrat Lea Webb
84%
4 Democrat Monica Martinez
79%
35 Democrat Andrea Stewart-Cousins
74%
10 Democrat James Sanders Jr.
74%
16 Democrat John Liu
74%
11 Democrat Toby Ann Stavisky
74%
27 Democrat Brian P. Kavanagh
68%
28 Democrat Liz Krueger
68%
12 Democrat Michael Gianaris
68%
31 Democrat Robert Jackson
68%
20 Democrat Zellnor Myrie
68%
7 Republican Jack Martins
63%
13 Democrat Jessica Ramos
63%
59 Democrat Kristen Gonzalez
63%
17 Republican Stephen T. Chan
63%
18 Democrat Julia Salazar
58%
14 Democrat Leroy Comrie
58%
19 Democrat Roxanne Persaud
58%
22 Democrat Sam Sutton
58%
8 Republican Alexis Weik
53%
30 Democrat Cordell Cleare
53%
36 Democrat Jamaal Bailey
53%
21 Democrat Kevin Parker
53%
48 Democrat Rachel May
53%
37 Democrat Shelley Mayer
53%
5 Republican Steven Rhoads
53%
1 Republican Anthony Palumbo
42%
38 Republican Bill Weber
42%
50 Democrat Chris Ryan
42%
3 Republican Dean Murray
42%
43 Republican Jake Ashby
42%
41 Democrat Michelle Hinchey
42%
9 Republican Patricia Canzoneri-Fitzpatrick
42%
46 Democrat Patricia Fahy
42%
15 Democrat Joseph Addabbo Jr.
37%
2 Republican Mario Mattera
37%
6 Democrat Siela Bynoe
37%
42 Democrat James Skoufis
32%
40 Democrat Peter Harckham
32%
26 Democrat Andrew Gounardes
26%
24 Republican Andrew Lanza
26%
47 Democrat Brad Hoylman-Sigal
26%
33 Democrat Gustavo Rivera
26%
25 Democrat Jabari Brisport
26%
23 Democrat Jessica Scarcella-Spanton
26%
29 Democrat José M. Serrano
26%
34 Democrat Nathalia Fernandez
26%
61 Democrat Sean Ryan
26%
57 Republican George Borrello
21%
56 Democrat Jeremy Cooney
21%
32 Democrat Luis R. Sepúlveda
21%
54 Republican Pam Helming
21%
51 Republican Peter Oberacker
21%
39 Republican Robert Rolison
21%
55 Democrat Samra Brouk
21%
58 Republican Tom O'Mara
21%
45 Republican Dan Stec
16%
44 Republican Jim Tedisco
16%
53 Republican Joseph Griffo
16%
49 Republican Mark Walczyk
16%
60 Republican Patrick M. Gallivan
16%
62 Republican Rob Ort
0%
No matching quizzes found
Score Distribution
Percent of People with Each Score
Percentile by Number Answered
Your Score History
You have not taken this quiz